|
|
|
|
| LEADER |
01804nam a2200337 a 4500 |
| 001 |
26292 |
| 003 |
BD-DhAAL |
| 008 |
121203s2004 njua b 001 0 eng d |
| 999 |
|
|
|c 12977
|d 12977
|
| 010 |
|
|
|a 2004040491
|
| 020 |
|
|
|a 0471031852 (cloth)
|
| 040 |
|
|
|a DLC
|c DLC
|d DLC
|d BD-DhAAL
|
| 082 |
0 |
0 |
|a 610.15195
|2 22
|
| 245 |
0 |
0 |
|a Biostatistics :
|b a methodology for the health sciences /
|c Gerald van Belle ... [et al.]
|
| 250 |
|
|
|a 2nd ed.
|
| 260 |
|
|
|a Hoboken, NJ :
|b John Wiley & Sons,
|c c2004.
|
| 300 |
|
|
|a xi, 871 p. :
|b ill. ;
|c 26 cm.
|
| 490 |
|
0 |
|a Wiley series in probability and statistics
|
| 500 |
|
|
|a First ed. published in 1993, entered under Fisher, Lloyd.
|
| 504 |
|
|
|a Includes bibliographical references and indexes.
|
| 541 |
|
|
|e 00026292
|
| 650 |
|
0 |
|a Biometry.
|9 31271
|
| 650 |
|
0 |
|a Pharmacy.
|9 44026
|
| 700 |
1 |
|
|a Van Belle, Gerald.
|9 31272
|
| 700 |
1 |
|
|a Fisher, Lloyd,
|d 1939-
|t Biostatistics.
|9 31273
|
| 852 |
1 |
|
|a Ayesha Abed Library
|j General shelf
|
| 942 |
|
|
|2 ddc
|c BK
|
| 952 |
|
|
|0 0
|1 0
|2 ddc
|4 0
|6 610_000000000000000__1_5195_BIO
|7 0
|9 21481
|a BRACUL
|b BRACUL
|c GEN
|d 2012-12-03
|e Karim International
|g 13100.00
|l 1
|m 6
|o 610.15195 BIO
|p 3010026293
|r 2026-01-14
|s 2025-12-18
|t 1
|w 2012-12-03
|y BK
|
| 952 |
|
|
|0 0
|1 0
|2 ddc
|4 0
|6 610_000000000000000__1_5195_BIO
|7 0
|9 21482
|a BRACUL
|b BRACUL
|c GEN
|d 2012-12-03
|e Karim International
|g 13100.00
|l 1
|m 4
|o 610.15195 BIO
|p 3010026294
|r 2024-11-11
|s 2024-10-06
|t 2
|w 2012-12-03
|y BK
|
| 952 |
|
|
|0 0
|1 0
|2 ddc
|4 0
|6 610_000000000000000__1_5195_BIO
|7 0
|9 21486
|a BRACUL
|b BRACUL
|c GEN
|d 2012-12-02
|e Karim International
|g 13100.00
|l 1
|m 9
|o 610.15195 BIO
|p 3010026295
|r 2018-01-03
|s 2017-10-31
|t 3
|w 2012-12-02
|y BK
|
| 952 |
|
|
|0 0
|1 0
|2 ddc
|4 0
|6 610_151950000000000_BIO
|7 0
|9 21953
|a JPGSPH
|b JPGSPH
|c GEN
|d 2013-02-12
|e Karim International
|g 13100.00
|l 0
|o 610.15195 BIO
|p 3060026630
|r 2013-02-12
|t 4
|w 2013-02-12
|y BK
|